Zákaznícke preferencie v spoločnosti ATRIS, s.r.o diplomová práca

Guardado en:
Detalles Bibliográficos
Autor principal: Musulinová, Kristina
Autor Corporativo: Podnikovohospodárska fakulta EU so sídlom v Košiciach. Katedra manažmentu
Otros Autores: Mihalčová, Bohuslava, 1963-
Formato: Libro
Lenguaje:eslovaco
Publicado: Košice 2017
Etiquetas: Agregar Etiqueta
Sin Etiquetas, Sea el primero en etiquetar este registro!

MARC

LEADER 00000nbm a2200000 4500
001 0231500
005 20171121123138.9
041 0 |a slo 
044 |a SK 
245 1 0 |a Zákaznícke preferencie v spoločnosti ATRIS, s.r.o  |b diplomová práca  |c Kristina Musulinová ; školiteľ: Bohuslava Mihalčová 
264 1 |a Košice  |c 2017 
300 |a 78 s. 
100 1 |a Musulinová, Kristina 
700 1 |a Mihalčová, Bohuslava, 1963- 
710 2 |a Podnikovohospodárska fakulta EU so sídlom v Košiciach. Katedra manažmentu